LIBRARY & INFORMATION CENTRE, KCAET, TAVANUR

ONLINE PUBLIC ACCESS CATALOGUE (OPAC)

Gazatteer of India: Kerala state gazetter vol-2 / (Record no. 8852)

MARC details
000 -LEADER
fixed length control field 00514cam a2200193ua 4500
041 ## - LANGUAGE CODE
Language code of text/sound track or separate title eng
082 ## - DEWEY DECIMAL CLASSIFICATION NUMBER
Classification number 028.79
Item number RAM/GA
100 ## - MAIN ENTRY--AUTHOR NAME
Personal name Ramachandrann, Nair .
245 ## - TITLE STATEMENT
Title Gazatteer of India: Kerala state gazetter vol-2 /
250 ## - EDITION STATEMENT
Edition statement 1 /
260 ## - PUBLICATION, DISTRIBUTION, ETC. (IMPRINT)
Place of publication Trivandrum :
Name of publisher State editor Kerala gazetter ,
Year of publication 1986.
300 ## - PHYSICAL DESCRIPTION
Number of Pages 380 ; .
700 1# - ADDED ENTRY--PERSONAL NAME
Personal name Adoor, K K .
942 ## - ADDED ENTRY ELEMENTS (KOHA)
Koha item type Books
Holdings
Withdrawn status Lost status Damaged status Home library Current library Date acquired Full call number Accession Number Koha item type
Withdrawn     KAUAET KAUAET 07/04/2012 028.79 18033 Books
free website counter